| 000 | 00588nam a2200205 a 4500 | ||
|---|---|---|---|
| 001 | 12003 | ||
| 003 | CO-ViMGA | ||
| 008 | 141112s2004 ck r 000 u spa d | ||
| 020 | _a9589271472 | ||
| 040 |
_aCO-ViMGA _bspa _cCO-ViMGA |
||
| 082 | 0 | 4 | _aR530.7 V455 |
| 100 | 1 |
_aVillamizar Villamizar, Armando _916927 |
|
| 245 | 1 | 0 | _aFísica Mega |
| 260 |
_aSantafé de Bogotá, _cTerranova Editores Ltda., _c1999 |
||
| 300 | _a2V. | ||
| 650 | 1 | 4 |
_aFISICA - APLICACIONES _916928 |
| 650 | 1 | 4 |
_aFISICA - ENSEÑANZA _916929 |
| 650 | 1 | 4 |
_aFISICA - PROBLEMAS, EJERCICIOS, ETC _916930 |
| 942 |
_2ddc _cBK |
||
| 999 |
_c23056 _d23056 |
||